[Event "Rohde op 10th"]
[Site "Sautron"]
[Date "2010.10.27"]
[Round "6"]
[White "Pheline, Gregoire"]
[Black "Kolisso, Bernardin"]
[Result "1-0"]
[WhiteElo "1120"]
[BlackElo "1497"]
[PlyCount "63"]
[EventDate "2010.10.23"]
[EventType "swiss"]
[EventRounds "9"]
[EventCountry "FRA"]
[SourceTitle "EXT 2012"]
[Source "ChessBase"]
[SourceDate "2011.11.24"]
[SourceVersion "1"]
[SourceVersionDate "2011.11.24"]
[SourceQuality "1"]

1. d4 e5 2. e3 exd4 3. exd4 Qe7+ 4. Be3 Qb4+ 5. Nd2 Qxb2 6. Ngf3 Bb4 7. Bd3 d5 8. 0-0 Bc3 9. Qe2 Ne7 10. Ng5 Qa3 11. Rae1 h6 12. Qh5 g6 13. Qh4 Nd7 14. Re2 Kf8 15. Nh3 Kg7 16. Nb1 Qa5 17. Nxc3 Qxc3 18. Qxe7 Nf6 19. Bxg6 Kxg6 20. Nf4+ Kg7 21. Bd2 Qxd4 22. Qxc7 Qb6 23. Qc3 d4 24. Qd3 Bd7 25. Re7 Rhf8 26. Qg6+ Kh8 27. Rxf7 Rxf7 28. Qxf7 Bf5 29. Nh5 Nxh5 30. Qxh5 Bxc2 31. Bxh6 a5 32. Qe5+ 1-0